| 000 | 00740cam a22002533a 4500 | ||
|---|---|---|---|
| 001 | 31163 | ||
| 003 | PGUSA | ||
| 005 | 20140828083656.0 | ||
| 008 | 100203s2010||||xxu|||||s|||||000 | eng d | ||
| 040 |
_aPGUSA _beng |
||
| 042 | _adc | ||
| 050 | 4 | _aHE | |
| 100 | 1 |
_aCox, Harold, _d1859-1936 |
|
| 245 | 1 | 0 |
_aAre We Ruined by the Germans? _h[electronic resource] / _cHarold Cox |
| 260 |
_bProject Gutenberg, _c2010 |
||
| 506 | _aPublic domain in the USA. | ||
| 516 | _aElectronic text | ||
| 653 | _aGermany -- Commerce -- Great Britain | ||
| 653 | _aGreat Britain -- Commerce | ||
| 653 | _aGreat Britain -- Commerce -- Germany | ||
| 830 | 0 |
_aProject Gutenberg _v31163 |
|
| 856 | 4 | 0 | _uhttp://www.gutenberg.org/ebooks/31163 |
| 942 | _cEB | ||
| 999 |
_c260418 _d260418 |
||